[Event "World Rapid Championship (Women)"]
[Site "Doha QAT"]
[Date "2016.12.26"]
[EventDate "2016.12.26"]
[Round "3.7"]
[Result "1/2-1/2"]
[White "Lela Javakhishvili"]
[Black "Antoaneta Stefanova"]
[WhiteElo "2461"]
[BlackElo "2512"]
[PlyCount "90"]

1. c4 e6 2. d4 d5 3. Nf3 c6 4. Qc2 Nf6 5. Bg5 dxc4 6. Qxc4 b5
7. Qc2 Bb7 8. e3 Nbd7 9. Bd3 Qb6 10. Nc3 a6 11. a4 h6 12. Bh4
Bb4 13. O-O O-O 14. Qe2 Rfe8 15. Bg3 Bf8 16. Rfb1 b4 17. a5
Qa7 18. Na4 c5 19. Rd1 cxd4 20. exd4 Rec8 21. Ne5 Bd5 22. Nc4
Qb7 23. f3 Bxc4 24. Bxc4 Rc6 25. b3 Nd5 26. Qe4 N7f6 27. Qd3
Nd7 28. Bf2 Bd6 29. g3 Bc7 30. Nc5 Nxc5 31. dxc5 Be5 32. Bxd5
exd5 33. Ra2 Rd8 34. Bd4 Bxd4+ 35. Qxd4 Qb5 36. Rc1 Rdc8
37. Rac2 Rd8 38. Rc4 Qxa5 39. Rxb4 Qc7 40. Ra4 a5 41. b4 axb4
42. Rxb4 Rc8 43. Qxd5 Rxc5 44. Rxc5 Qxc5+ 45. Qxc5 Rxc5
1/2-1/2

[Event "World Rapid Championship (Women)"]
[Site "Doha QAT"]
[Date "2016.12.26"]
[EventDate "2016.12.26"]
[Round "4.8"]
[Result "0-1"]
[White "Antoaneta Stefanova"]
[Black "Le Thao Nguyen Pham"]
[WhiteElo "2512"]
[BlackElo "2351"]
[PlyCount "106"]

1. d4 d5 2. Bf4 c5 3. e3 Nc6 4. Nc3 cxd4 5. exd4 a6 6. Nf3 Bg4
7. Be2 e6 8. h3 Bf5 9. Ne5 h6 10. O-O Nf6 11. Nxc6 bxc6
12. Na4 Be7 13. c4 O-O 14. Rc1 dxc4 15. Rxc4 Be4 16. Bf3 Bd5
17. Bxd5 cxd5 18. Rc6 Ra7 19. Qc2 Ne4 20. Bc7 Qe8 21. Bb6 Ra8
22. b3 Bh4 23. g3 Be7 24. Kg2 Ba3 25. f3 Nd6 26. Bc7 Nf5
27. Qc3 Ne3+ 28. Qxe3 Qxc6 29. Be5 Rfc8 30. g4 Qc2+ 31. Rf2
Qd1 32. Nc5 Rc6 33. h4 Rac8 34. g5 h5 35. g6 fxg6 36. Qg5 Bxc5
37. dxc5 Kh7 38. Qe7 Rg8 39. Bd6 Qe1 40. Qd7 Rcc8 41. c6 e5
42. c7 e4 43. fxe4 Qxe4+ 44. Kh3 d4 45. Bg3 Qh1+ 46. Rh2 Qf1+
47. Rg2 Rge8 48. Kh2 d3 49. Be5 Rxe5 50. Qxc8 Qf4+ 51. Kh1
Re1+ 52. Rg1 Qf3+ 53. Kh2 Re2+ 0-1

[Event "World Rapid Championship (Women)"]
[Site "Doha QAT"]
[Date "2016.12.27"]
[EventDate "2016.12.26"]
[Round "5.12"]
[Result "1/2-1/2"]
[White "Zhao Xue"]
[Black "Antoaneta Stefanova"]
[WhiteElo "2504"]
[BlackElo "2512"]
[PlyCount "45"]

1. c4 c6 2. Nf3 d5 3. e3 Nf6 4. b3 g6 5. Bb2 Bg7 6. Be2 O-O
7. O-O b6 8. d4 Bb7 9. Nbd2 Nbd7 10. b4 c5 11. dxc5 bxc5
12. b5 a6 13. bxa6 Bxa6 14. cxd5 Nxd5 15. Bxg7 Kxg7 16. Bxa6
Rxa6 17. Ne4 N5f6 18. Nc3 Qc7 19. Qc2 Ne5 20. Nd2 Neg4 21. Nf3
Ne5 22. Nd2 Neg4 23. Nf3 1/2-1/2

[Event "World Rapid Championship (Women)"]
[Site "Doha QAT"]
[Date "2016.12.27"]
[EventDate "2016.12.26"]
[Round "6.11"]
[Result "1-0"]
[White "Antoaneta Stefanova"]
[Black "Bahar Hallaeva"]
[WhiteElo "2512"]
[BlackElo "2112"]
[PlyCount "66"]

1. Nf3 Nf6 2. b3 e6 3. Bb2 b6 4. g3 Bb7 5. Bg2 d5 6. O-O Nbd7
7. c4 c6 8. e3 Be7 9. Qe2 O-O 10. d3 c5 11. Nbd2 Qc7 12. Rac1
Rac8 13. Ne1 dxc4 14. bxc4 Bxg2 15. Nxg2 Rfd8 16. f4 Nb8
17. Rfd1 Nc6 18. a3 Rd7 19. g4 h6 20. h4 Rcd8 21. g5 Ne8
22. Ne4 Nd6 23. gxh6 Nxe4 24. dxe4 Rxd1+ 25. Rxd1 Rxd1+
26. Qxd1 Qd8 27. Qg4 Bf6 28. e5 Qd2 29. exf6 g6 30. Be5 Qc1+
31. Kh2 Qxc4 32. Qf3 Qa4 33. h5 c4 1-0

[Event "World Rapid Championship (Women)"]
[Site "Doha QAT"]
[Date "2016.12.27"]
[EventDate "2016.12.26"]
[Round "8.11"]
[Result "1-0"]
[White "Antoaneta Stefanova"]
[Black "Daria Charochkina"]
[WhiteElo "2512"]
[BlackElo "2383"]
[PlyCount "103"]

1. Nf3 f5 2. g3 Nf6 3. Bg2 e6 4. O-O d5 5. d3 Bd6 6. Nbd2 O-O
7. Qe1 f4 8. e4 fxe3 9. Qxe3 c5 10. Ne5 Nc6 11. Ndf3 Qc7
12. Re1 c4 13. Nxc6 bxc6 14. d4 Ne4 15. Ng5 Nxg5 16. Qxg5 Rb8
17. c3 Qf7 18. Qe3 Bd7 19. f4 h5 20. b3 h4 21. bxc4 hxg3
22. hxg3 Qg6 23. c5 Bc7 24. Qf2 Rf5 25. Be3 Rh5 26. Bf3 Rh7
27. Kg2 Ba5 28. Rac1 Kf7 29. Rh1 Rbh8 30. Rxh7 Qxh7 31. Kg1
Ke7 32. c4 dxc4 33. Rxc4 Qd3 34. Rc1 Be8 35. Rd1 Qh7 36. Qg2
Qf5 37. Be4 Qg4 38. Bf3 Qg6 39. Be4 Qg4 40. Rb1 Bg6 41. Rb7+
Kf6 42. Bf3 Qh3 43. Qxh3 Rxh3 44. Kg2 Bf5 45. Bf2 Rh8 46. g4
Bd3 47. Bxc6 Be2 48. Kg3 a6 49. Be4 g5 50. fxg5+ Kxg5 51. Be3+
Kf6 52. g5# 1-0

[Event "World Rapid Championship (Women)"]
[Site "Doha QAT"]
[Date "2016.12.28"]
[EventDate "2016.12.26"]
[Round "9.7"]
[Result "0-1"]
[White "Inna Gaponenko"]
[Black "Antoaneta Stefanova"]
[WhiteElo "2411"]
[BlackElo "2512"]
[PlyCount "146"]

1. e4 e5 2. Nf3 Nc6 3. Nc3 Nf6 4. d4 exd4 5. Nxd4 Bb4 6. Nxc6
bxc6 7. Bd3 O-O 8. O-O Re8 9. Bg5 h6 10. Bh4 Rb8 11. f4 Be7
12. e5 Nd5 13. Bxe7 Qxe7 14. Nxd5 cxd5 15. b3 d6 16. Qf3 dxe5
17. fxe5 Be6 18. Rae1 Qg5 19. Qf2 Rb6 20. Qc5 Qe7 21. Qf2 c5
22. c3 c4 23. Bb1 cxb3 24. axb3 g6 25. b4 Rc8 26. Qd2 Qg5
27. Re3 Rc4 28. Qf2 Rb7 29. Ba2 Rc8 30. Rg3 Qxe5 31. Re1 Qg7
32. Qd2 Rbc7 33. Rc1 Rd7 34. Qe1 Bf5 35. Qd2 Rcd8 36. Bb3 Be4
37. Ba4 Rd6 38. Qe3 Ra6 39. Bb3 Ra3 40. Bd1 Bf5 41. Qf4 Rc8
42. Bg4 Bxg4 43. Qxg4 Rcxc3 44. Rgxc3 Rxc3 45. Rd1 Qe5 46. h3
Rc4 47. Qd7 Qe3+ 48. Kh1 d4 49. b5 Rc1 50. Rxc1 Qxc1+ 51. Kh2
Qc5 52. Kh1 h5 53. Kh2 Kg7 54. Kh1 Qb6 55. Kh2 h4 56. Kh1 Qc5
57. Kh2 g5 58. Kh1 Qb6 59. Kh2 Kf6 60. Kh1 Kg6 61. Kh2 Kg7
62. Kh1 Kf6 63. Kh2 Qc5 64. Kh1 Qc1+ 65. Kh2 Qc5 66. Kh1 Kg7
67. Kh2 Qe5+ 68. Kh1 Qe1+ 69. Kh2 Qg3+ 70. Kh1 d3 71. Qxa7
Qe1+ 72. Kh2 Qe5+ 73. Kh1 d2 0-1

[Event "World Rapid Championship (Women)"]
[Site "Doha QAT"]
[Date "2016.12.28"]
[EventDate "2016.12.26"]
[Round "10.5"]
[Result "1-0"]
[White "Antoaneta Stefanova"]
[Black "Aleksandra Goryachkina"]
[WhiteElo "2512"]
[BlackElo "2466"]
[PlyCount "127"]

1. Nf3 d5 2. g3 g6 3. Bg2 Bg7 4. d4 Nf6 5. O-O O-O 6. Nbd2 Ne4
7. c3 Nd6 8. Ne5 c6 9. e4 dxe4 10. Nxe4 Nxe4 11. Bxe4 Nd7
12. Nc4 Nf6 13. Bg2 Be6 14. Qe2 Ne8 15. Re1 Nd6 16. Ne5 Qc8
17. Nd3 Re8 18. Bf4 Bc4 19. b3 Bxd3 20. Qxd3 Qd7 21. Rad1 e6
22. Be5 Rad8 23. Bxg7 Kxg7 24. Re5 Qc7 25. Rde1 Re7 26. h4 Ne8
27. Qe2 Nf6 28. a4 Nd7 29. Re3 a5 30. Bf3 Qb6 31. Qc4 Nf6
32. Re5 Nd7 33. R5e2 Nf6 34. Rb2 Nd5 35. Re5 Rc7 36. h5 Re8
37. Qd3 f6 38. Re1 Rce7 39. c4 Nb4 40. Qc3 c5 41. dxc5 Qxc5
42. Rd2 gxh5 43. Re4 Nc6 44. Rh4 Ne5 45. Bxh5 Rf8 46. Be2 Ng6
47. Rh5 Qb6 48. Rb5 Qc7 49. Qxa5 Qb8 50. Bf3 f5 51. Qc3+ Kg8
52. a5 Qc8 53. Qb4 e5 54. Bxb7 Qe8 55. a6 f4 56. g4 Nh4
57. Be4 f3 58. Rb7 Qc8 59. Bd5+ Kh8 60. c5 Rxb7 61. axb7 Qb8
62. Qb6 e4 63. Qh6 e3 64. Qxe3 1-0

[Event "World Rapid Championship (Women)"]
[Site "Doha QAT"]
[Date "2016.12.28"]
[EventDate "2016.12.26"]
[Round "11.1"]
[Result "1/2-1/2"]
[White "Anna Muzychuk"]
[Black "Antoaneta Stefanova"]
[WhiteElo "2558"]
[BlackElo "2512"]
[PlyCount "21"]

1. e4 g6 2. d4 Bg7 3. Nc3 d6 4. Nf3 Nf6 5. Be2 O-O 6. O-O c6
7. a4 a5 8. Re1 Qc7 9. b3 Nbd7 10. Ba3 Re8 11. h3 1/2-1/2

[Event "World Rapid Championship (Women)"]
[Site "Doha QAT"]
[Date "2016.12.28"]
[EventDate "2016.12.26"]
[Round "12.4"]
[Result "1/2-1/2"]
[White "Antoaneta Stefanova"]
[Black "Kateryna Lahno"]
[WhiteElo "2512"]
[BlackElo "2530"]
[PlyCount "126"]

1. Nf3 g6 2. d4 Nf6 3. g3 Bg7 4. Bg2 c5 5. d5 d6 6. c4 b5
7. cxb5 Qa5+ 8. Nfd2 Qxb5 9. Nc3 Qa5 10. O-O O-O 11. Re1 Nbd7
12. h3 Ba6 13. Kh2 c4 14. Nf3 Bb7 15. e4 Nc5 16. e5 Nfd7
17. Bg5 Nd3 18. Bxe7 Rfe8 19. Bxd6 Nxe1 20. Qxe1 Qb6 21. Rd1
Rad8 22. Qe2 Ba6 23. Bf1 f6 24. Ne4 Nxe5 25. Bxe5 fxe5 26. b3
Rf8 27. Nfg5 h6 28. Ne6 Rxd5 29. Rxd5 Qxe6 30. Rd6 Qc8
31. bxc4 Bb7 32. Rxg6 Qf5 33. Rg4 Bxe4 34. Rxe4 Qxf2+ 35. Bg2
Qc5 36. Qe3 Rc8 37. Qxc5 Rxc5 38. Re2 Kf8 39. Bd5 Ke7 40. Kg2
Ra5 41. Kf3 Ra3+ 42. Kf2 Kd6 43. h4 Kc5 44. Rd2 e4 45. Bxe4
Bd4+ 46. Kg2 Kxc4 47. Rc2+ Rc3 48. Re2 Re3 49. Rc2+ Rc3
50. Rd2 a5 51. Bf5 a4 52. Be6+ Kc5 53. Re2 Re3 54. Rxe3 Bxe3
55. Kf3 Bc1 56. Kg4 Kd6 57. Kf5 Ke7 58. g4 Bd2 59. Bc4 Be1
60. g5 hxg5 61. hxg5 a3 62. Kg6 Bc3 63. Kh7 Kf8 1/2-1/2

[Event "World Blitz Championship (Women)"]
[Site "Doha QAT"]
[Date "2016.12.29"]
[EventDate "2016.12.29"]
[Round "1.4"]
[Result "0-1"]
[White "Aleksandra Goryachkina"]
[Black "Antoaneta Stefanova"]
[WhiteElo "2466"]
[BlackElo "2512"]
[PlyCount "124"]

1. d4 g6 2. c4 Bg7 3. Nf3 e6 4. e4 Ne7 5. Nc3 d5 6. exd5 exd5
7. Be2 O-O 8. O-O Nbc6 9. h3 h6 10. Bf4 Be6 11. Qd2 g5 12. Bh2
dxc4 13. Rad1 Nb4 14. a3 Nd3 15. Bxd3 cxd3 16. Qxd3 Nd5
17. Be5 c6 18. Bxg7 Kxg7 19. Ne5 Nf4 20. Qe3 Re8 21. Qf3 f6
22. Nd3 Nxd3 23. Qxd3 Qd7 24. Qf3 Bc4 25. Rfe1 Rxe1+ 26. Rxe1
Re8 27. Rd1 Re7 28. Qg3 Qe6 29. h4 b5 30. hxg5 hxg5 31. f3 a5
32. Qf2 Qe3 33. Qxe3 Rxe3 34. Kf2 Re7 35. Rd2 b4 36. axb4 axb4
37. Ne4 Bd5 38. Nc5 Ra7 39. Re2 Kf7 40. Rc2 Ra1 41. Nd3 b3
42. Rd2 Ra4 43. Nc5 Rb4 44. Ke3 f5 45. Kd3 Kf6 46. Rd1 Rb8
47. Ra1 Rh8 48. Ra3 Rh2 49. Nxb3 Rxg2 50. Na5 Bxf3 51. Rc3
Be4+ 52. Ke3 Rg3+ 53. Kf2 Rxc3 54. bxc3 f4 55. Nc4 Bd5 56. Ne5
Kf5 57. c4 Bh1 58. Nf7 g4 59. Nh6+ Kg5 60. Nf7+ Kh4 61. Ne5
Be4 62. Nf7 g3+ 0-1

[Event "World Blitz Championship (Women)"]
[Site "Doha QAT"]
[Date "2016.12.29"]
[EventDate "2016.12.29"]
[Round "2.2"]
[Result "1-0"]
[White "Antoaneta Stefanova"]
[Black "Nana Dzagnidze"]
[WhiteElo "2512"]
[BlackElo "2520"]
[PlyCount "89"]

1. d4 Nf6 2. Nf3 e6 3. e3 b6 4. Bd3 Bb7 5. O-O d5 6. b3 Bd6
7. Bb2 O-O 8. Ne5 c5 9. Nd2 Nc6 10. a3 Ne7 11. f4 Rc8 12. Qe2
Ne4 13. c4 Nxd2 14. Qxd2 cxd4 15. exd4 dxc4 16. bxc4 Ng6
17. Qe2 Bb8 18. Rad1 Qh4 19. g3 Qh3 20. Be4 Bxe4 21. Qxe4 Bxe5
22. dxe5 Rfd8 23. Rd6 h5 24. Rfd1 Re8 25. R6d4 Ne7 26. Qg2
Qxg2+ 27. Kxg2 Nf5 28. R4d3 Rxc4 29. Kf3 Rc2 30. R1d2 Rec8
31. h3 g6 32. g4 hxg4+ 33. hxg4 Ne7 34. Rd8+ Rxd8 35. Rxd8+
Kg7 36. Bd4 Nc6 37. Rd6 Nxd4+ 38. Rxd4 Rc3+ 39. Ke4 Rxa3
40. f5 gxf5+ 41. gxf5 exf5+ 42. Kxf5 a5 43. Rd7 Rf3+ 44. Ke4
Kf8 45. Kxf3 1-0

[Event "World Blitz Championship (Women)"]
[Site "Doha QAT"]
[Date "2016.12.29"]
[EventDate "2016.12.29"]
[Round "3.2"]
[Result "0-1"]
[White "Zhao Xue"]
[Black "Antoaneta Stefanova"]
[WhiteElo "2504"]
[BlackElo "2512"]
[PlyCount "72"]

1. d4 g6 2. Nf3 Bg7 3. Bf4 e6 4. e4 d6 5. Nbd2 Nd7 6. Bc4 Ne7
7. O-O O-O 8. a4 a5 9. Bb3 b6 10. Re1 Bb7 11. e5 dxe5 12. dxe5
Nc5 13. Qe2 Nf5 14. Bg5 Qe8 15. Bc4 h6 16. Bf4 Qe7 17. h3 Rfd8
18. b3 g5 19. Bh2 h5 20. Nf1 g4 21. hxg4 hxg4 22. N3d2 Qg5
23. c3 Nh4 24. Ne3 Bxg2 25. Qxg4 Qxg4 26. Nxg4 Rxd2 27. Bg3
Bh3 28. Bxh4 Bxg4 29. Bg5 Rc2 30. Re3 Kf8 31. Rg3 Bf5 32. Bf6
Bxf6 33. exf6 Ne4 34. Rf3 Nxf6 35. Rd1 Ke7 36. Kf1 Bg4 0-1

[Event "World Blitz Championship (Women)"]
[Site "Doha QAT"]
[Date "2016.12.29"]
[EventDate "2016.12.29"]
[Round "4.1"]
[Result "1-0"]
[White "Antoaneta Stefanova"]
[Black "Tan Zhongyi"]
[WhiteElo "2512"]
[BlackElo "2496"]
[PlyCount "123"]

1. Nf3 Nf6 2. b3 g6 3. Bb2 Bg7 4. g3 O-O 5. Bg2 d5 6. c4 dxc4
7. bxc4 c5 8. O-O Nc6 9. d3 Qc7 10. Nc3 a6 11. Rb1 Rd8 12. Na4
Nd7 13. Bxg7 Kxg7 14. Qb3 Rb8 15. Nc3 e6 16. Rfd1 b6 17. Qb2
f6 18. e3 Bb7 19. Ne4 Ne7 20. Nfg5 Qc6 21. f4 h6 22. Nf3 Qc7
23. g4 Bxe4 24. dxe4 Nf8 25. g5 hxg5 26. fxg5 Ng8 27. gxf6+
Nxf6 28. Rf1 Nh7 29. Ng5 Re8 30. Nxh7 Kxh7 31. Qxf6 Re7
32. Rf3 Kg8 33. Rh3 Rg7 34. Qxe6+ Qf7 35. Qxf7+ Rxf7 36. e5
Kg7 37. Bd5 Rf5 38. Rf1 Rg5+ 39. Kh1 Rf8 40. Rxf8 Kxf8 41. e6
b5 42. Rh7 Re5 43. Rh3 b4 44. Kg2 a5 45. Rf3+ Ke8 46. Kf2 a4
47. Rg3 g5 48. Ke2 a3 49. e4 Ke7 50. Rb3 g4 51. Rg3 Rh5
52. Ke3 Rxh2 53. Rxg4 b3 54. Rg7+ Kf6 55. Rf7+ Kg6 56. e7 Rh3+
57. Kf4 Rh8 58. Rf8 bxa2 59. Rxh8 a1=Q 60. e8=Q+ Kg7 61. Qg8+
Kf6 62. Qf7# 1-0

[Event "World Blitz Championship (Women)"]
[Site "Doha QAT"]
[Date "2016.12.29"]
[EventDate "2016.12.29"]
[Round "5.1"]
[Result "1-0"]
[White "Dronavalli Harika"]
[Black "Antoaneta Stefanova"]
[WhiteElo "2543"]
[BlackElo "2512"]
[PlyCount "85"]

1. d4 g6 2. Nf3 Bg7 3. g3 d5 4. Bg2 e6 5. O-O Ne7 6. c4 Nbc6
7. Nc3 O-O 8. e3 b6 9. cxd5 exd5 10. a3 Bb7 11. Bd2 a5 12. Rc1
Nf5 13. Re1 Nce7 14. Ne5 c5 15. Ne2 Rc8 16. Bc3 c4 17. a4 Nd6
18. b3 f6 19. Nf3 Qd7 20. Nd2 Kh8 21. Nf4 f5 22. Rb1 b5
23. bxc4 b4 24. Bxb4 axb4 25. c5 Ne4 26. Rxb4 Bc6 27. a5 Ra8
28. Nxe4 fxe4 29. Bh3 Nf5 30. Qa1 Bf6 31. Reb1 Bd8 32. a6 Re8
33. Qa2 Qa7 34. Ra1 Ne7 35. Ne6 Bd7 36. Rb7 Qxa6 37. Qxa6 Rxa6
38. Rxa6 Bc8 39. Nxd8 Bxh3 40. Raa7 Rxd8 41. Rxe7 Rb8
42. Rxh7+ Kg8 43. Rxh3 1-0

[Event "World Blitz Championship (Women)"]
[Site "Doha QAT"]
[Date "2016.12.29"]
[EventDate "2016.12.29"]
[Round "6.2"]
[Result "1/2-1/2"]
[White "Antoaneta Stefanova"]
[Black "Alexandra Kosteniuk"]
[WhiteElo "2512"]
[BlackElo "2555"]
[PlyCount "99"]

1. Nf3 Nf6 2. b3 b6 3. Bb2 e6 4. g3 Bb7 5. Bg2 Be7 6. O-O c5
7. c4 O-O 8. Nc3 d5 9. e3 dxc4 10. bxc4 Nbd7 11. Qe2 Rc8
12. Rfd1 Qc7 13. d3 Rfd8 14. Ne1 Bxg2 15. Nxg2 a6 16. a4 Qc6
17. f4 Ne8 18. g4 Nc7 19. g5 b5 20. axb5 axb5 21. cxb5 Nxb5
22. Nxb5 Qxb5 23. Rab1 Qa6 24. Nh4 Nf8 25. Nf3 Rd7 26. Ne5 Rb7
27. Bc3 Rcb8 28. Rxb7 Qxb7 29. Rc1 Ng6 30. Nxg6 hxg6 31. Be5
Rd8 32. Kf2 Qd5 33. d4 cxd4 34. Bxd4 Ra8 35. Rc2 Qh1 36. Kg3
Bb4 37. Qg2 Qe1+ 38. Kh3 Rd8 39. Qf2 Qd1 40. Qe2 Qxe2 41. Rxe2
Bd6 42. Kg4 Rc8 43. Ra2 Bf8 44. h4 Bd6 45. h5 gxh5+ 46. Kxh5
g6+ 47. Kg4 Bf8 48. Rh2 Bg7 49. Bxg7 Kxg7 50. Kf3 1/2-1/2

[Event "World Blitz Championship (Women)"]
[Site "Doha QAT"]
[Date "2016.12.29"]
[EventDate "2016.12.29"]
[Round "7.2"]
[Result "1-0"]
[White "Ju Wenjun"]
[Black "Antoaneta Stefanova"]
[WhiteElo "2579"]
[BlackElo "2512"]
[PlyCount "77"]

1. Nf3 g6 2. d4 Bg7 3. e4 e6 4. Bd3 b6 5. O-O Bb7 6. c3 Ne7
7. Bf4 O-O 8. Nbd2 c5 9. Qe2 cxd4 10. cxd4 Nbc6 11. Be3 Nb4
12. Rfc1 Nxd3 13. Qxd3 Rc8 14. Bf4 d5 15. e5 Qd7 16. Rxc8 Rxc8
17. Nb1 b5 18. a3 Qc6 19. Nc3 Qc4 20. Qd2 a5 21. a4 b4 22. Nb5
Qb3 23. Ne1 Ba6 24. Nd6 Rc6 25. h4 h5 26. Bg5 Nf5 27. Nxf5
exf5 28. Be7 Bf8 29. Bxf8 Kxf8 30. Qh6+ Kg8 31. Nf3 Qxb2
32. Re1 Qc3 33. Re3 Qc1+ 34. Kh2 Bc8 35. Ng5 Be6 36. Nh7 Bd7
37. Nf6+ Rxf6 38. exf6 Qc7+ 39. g3 1-0

[Event "World Blitz Championship (Women)"]
[Site "Doha QAT"]
[Date "2016.12.29"]
[EventDate "2016.12.29"]
[Round "8.3"]
[Result "0-1"]
[White "Antoaneta Stefanova"]
[Black "Koneru Humpy"]
[WhiteElo "2512"]
[BlackElo "2557"]
[PlyCount "74"]

1. Nf3 Nf6 2. b3 e6 3. Bb2 d5 4. c4 Bd6 5. e3 Nbd7 6. Be2 O-O
7. O-O b6 8. cxd5 exd5 9. Nd4 c5 10. Nf5 Bb8 11. f4 Re8
12. Bf3 Nf8 13. Ng3 Bb7 14. Nc3 Ng6 15. Nf5 Qd7 16. g4 d4
17. Bxb7 Qxb7 18. Nb5 Qd7 19. a4 a6 20. Na3 Ne7 21. Nxe7+ Rxe7
22. g5 Nd5 23. Nc4 Bc7 24. Qf3 Rae8 25. Rae1 b5 26. axb5 axb5
27. Na3 dxe3 28. dxe3 Nxe3 29. Rf2 Nf5 30. Rxe7 Rxe7 31. Nc2
b4 32. h3 c4 33. bxc4 Bb6 34. Kh2 Bxf2 35. Qxf2 Qd3 36. Kg1
Re2 37. Qc5 Qd1+ 0-1

[Event "World Blitz Championship (Women)"]
[Site "Doha QAT"]
[Date "2016.12.29"]
[EventDate "2016.12.29"]
[Round "9.6"]
[Result "1-0"]
[White "Meri Arabidze"]
[Black "Antoaneta Stefanova"]
[WhiteElo "2379"]
[BlackElo "2512"]
[PlyCount "79"]

1. d4 g6 2. c4 Bg7 3. Nf3 e6 4. Nc3 Ne7 5. e4 d5 6. Bg5 h6
7. Bf4 dxe4 8. Nxe4 Nbc6 9. Be5 O-O 10. Bxg7 Kxg7 11. Qd2 a6
12. h4 Nf5 13. O-O-O b5 14. g4 Nd6 15. Nc5 Nxc4 16. Bxc4 bxc4
17. Qc3 Qd5 18. h5 g5 19. Rhe1 Rb8 20. Ne5 Kg8 21. Nxc6 Qxc6
22. Qxc4 Bb7 23. Qc3 Rfd8 24. Re5 Qb6 25. Rf1 Bd5 26. f4 f6
27. Ree1 Re8 28. fxg5 fxg5 29. Rf6 Bxa2 30. Rg6+ Kh7 31. Nd7
Qb4 32. Nf6+ Kh8 33. Qxb4 Rxb4 34. Nxe8 Rc4+ 35. Kd2 Rxd4+
36. Ke3 Rxg4 37. Nf6 e5 38. Rxh6+ Kg7 39. Rg6+ Kf7 40. Nxg4
1-0

[Event "World Blitz Championship (Women)"]
[Site "Doha QAT"]
[Date "2016.12.30"]
[EventDate "2016.12.29"]
[Round "10.8"]
[Result "0-1"]
[White "Antoaneta Stefanova"]
[Black "Valentina Gunina"]
[WhiteElo "2512"]
[BlackElo "2525"]
[PlyCount "108"]

1. Nf3 Nf6 2. g3 d5 3. Bg2 c6 4. O-O Bg4 5. d3 e6 6. Qe1 Be7
7. e4 O-O 8. Nbd2 a5 9. a4 Bh5 10. b3 Nbd7 11. Bb2 Bc5 12. h3
Qc7 13. Kh1 Bxf3 14. Nxf3 dxe4 15. dxe4 e5 16. Nh4 Rfe8
17. Nf5 Rad8 18. Qe2 Nf8 19. Rfd1 Ne6 20. c3 Qb6 21. b4 Bf8
22. bxa5 Qxa5 23. Ne3 Rxd1+ 24. Qxd1 Nc5 25. Qc2 Rd8 26. Nc4
Qc7 27. Bc1 b5 28. axb5 cxb5 29. Ne3 Nd3 30. Nd5 Nxd5 31. exd5
Nxc1 32. Rxc1 Rc8 33. Be4 g6 34. Qd3 Qc5 35. Kg2 f5 36. Bf3 e4
37. Bxe4 fxe4 38. Qxe4 Qd6 39. Rb1 Rc5 40. Rd1 Rxc3 41. Qe8
Rc5 42. Qa8 b4 43. Qb7 Rc2 44. Rd3 Rc7 45. Qb5 Rf7 46. Re3 Rf5
47. Rd3 Qc5 48. Qxc5 Bxc5 49. d6 Rxf2+ 50. Kh1 Rf8 51. d7 Be7
52. Kg2 Rd8 53. Kf3 Kf7 54. Ke4 Ke6 0-1

[Event "World Blitz Championship (Women)"]
[Site "Doha QAT"]
[Date "2016.12.30"]
[EventDate "2016.12.29"]
[Round "11.12"]
[Result "1-0"]
[White "Elisabeth Paehtz"]
[Black "Antoaneta Stefanova"]
[WhiteElo "2463"]
[BlackElo "2512"]
[PlyCount "81"]

1. e4 g6 2. d4 Bg7 3. Nc3 a6 4. f4 b5 5. Nf3 b4 6. Ne2 d5
7. e5 Bg4 8. Ng3 h5 9. h3 Bxf3 10. Qxf3 e6 11. Bd3 Nh6 12. Bd2
Bf8 13. Ne2 h4 14. O-O Nf5 15. c4 bxc3 16. bxc3 c5 17. Bc2 Be7
18. Rab1 Kf8 19. Rb2 cxd4 20. Nxd4 Nxd4 21. cxd4 Nc6 22. Be3
Qa5 23. f5 gxf5 24. Bxf5 exf5 25. Qxf5 Nd8 26. Rb7 Qa4
27. Rxe7 Kxe7 28. Qf6+ Kd7 29. Qxh8 Qxa2 30. Qf6 Qa3 31. Qf5+
Ke8 32. Bg5 a5 33. e6 fxe6 34. Qg6+ Kd7 35. Rc1 Nc6 36. Qf7+
Kd6 37. Bf4+ e5 38. dxe5+ Nxe5 39. Qf6+ Kd7 40. Qxe5 Qb3
41. Rc7+ 1-0

[Event "World Blitz Championship (Women)"]
[Site "Doha QAT"]
[Date "2016.12.30"]
[EventDate "2016.12.29"]
[Round "12.15"]
[Result "1/2-1/2"]
[White "Antoaneta Stefanova"]
[Black "Julia Elizabeth Sloan"]
[WhiteElo "2512"]
[BlackElo "2173"]
[PlyCount "86"]

1. Nf3 d6 2. d4 Nd7 3. e4 e5 4. Nc3 c6 5. Bc4 h6 6. O-O Ngf6
7. a4 Qc7 8. h3 Be7 9. Ba2 Nf8 10. Be3 g5 11. dxe5 dxe5
12. Nh2 Be6 13. Ng4 Bxa2 14. Rxa2 h5 15. Nxf6+ Bxf6 16. Qf3
Be7 17. Ne2 Ne6 18. Ng3 Nd4 19. Bxd4 exd4 20. Nxh5 O-O-O
21. Ng3 Bd6 22. Nf5 Be5 23. a5 Rdg8 24. Qg4 Kb8 25. Rd1 c5
26. Ra3 f6 27. c3 dxc3 28. bxc3 Rd8 29. Ne3 Rh4 30. Qf3 Rf4
31. Qh5 Rxe4 32. Rxd8+ Qxd8 33. Qg6 Rxe3 34. fxe3 Qd1+ 35. Kf2
Qd2+ 36. Kf3 Qd5+ 37. Qe4 Qd1+ 38. Kf2 Qd2+ 39. Kf3 Qc1
40. Ra2 Qf1+ 41. Rf2 Qd1+ 42. Re2 Qf1+ 43. Rf2 Qd1+ 1/2-1/2

[Event "World Blitz Championship (Women)"]
[Site "Doha QAT"]
[Date "2016.12.30"]
[EventDate "2016.12.29"]
[Round "13.14"]
[Result "0-1"]
[White "Bahar Hallaeva"]
[Black "Antoaneta Stefanova"]
[WhiteElo "2112"]
[BlackElo "2512"]
[PlyCount "170"]

1. e4 g6 2. d4 Bg7 3. f4 d5 4. e5 h5 5. Nf3 c5 6. c3 cxd4
7. cxd4 Nc6 8. Nc3 Bg4 9. Be2 Nh6 10. Be3 Nf5 11. Bf2 e6
12. Qd2 Bxf3 13. Bxf3 Nh4 14. Bxh4 Qxh4+ 15. g3 Qd8 16. Be2 a6
17. Na4 Bf8 18. a3 Be7 19. b4 O-O 20. O-O b5 21. Nc5 Bxc5
22. bxc5 Qa5 23. Qe3 b4 24. axb4 Qxb4 25. Rfd1 Rfb8 26. Rxa6
Rxa6 27. Bxa6 Qa4 28. Be2 Rb3 29. Qd2 Rb4 30. Rc1 Rxd4 31. Qb2
Rb4 32. Qd2 Qa3 33. Rc3 Qb2 34. Rc2 Qd4+ 35. Qxd4 Nxd4 36. Rd2
Nxe2+ 37. Rxe2 Rc4 38. Kf2 Rxc5 39. Ra2 Kg7 40. Rd2 Rc3
41. Ke2 Ra3 42. Kf2 Kf8 43. Rb2 Ke7 44. Rc2 Ra4 45. Ke2 Kd7
46. Kf2 Rc4 47. Ra2 Rc7 48. Ke3 Rb7 49. Rc2 Rb3+ 50. Kd4 Rb4+
51. Ke3 Rb7 52. Kd4 Ra7 53. Ke3 Rc7 54. Ra2 Kc6 55. Kd4 Kb6
56. Rb2+ Ka7 57. Ra2+ Kb7 58. Rb2+ Kc8 59. Ke3 Rc3+ 60. Kd4
Rc4+ 61. Ke3 Kd7 62. Rb7+ Rc7 63. Rb2 Ra7 64. Kd4 Ke7 65. Ke3
Kf8 66. Kd4 Kg7 67. Ke3 Kh6 68. Rc2 g5 69. Kf3 Kg6 70. Rb2
gxf4 71. gxf4 Kf5 72. Rb4 Ra3+ 73. Kg2 Kg4 74. h3+ Kf5 75. Rd4
h4 76. Rb4 Rg3+ 77. Kh2 Rf3 78. Rb7 Rxf4 79. Rxf7+ Kxe5
80. Rd7 d4 81. Kg2 Ke4 82. Rd8 e5 83. Rd7 d3 84. Rd8 Ke3
85. Ra8 d2 0-1

[Event "World Blitz Championship (Women)"]
[Site "Doha QAT"]
[Date "2016.12.30"]
[EventDate "2016.12.29"]
[Round "14.11"]
[Result "1-0"]
[White "Antoaneta Stefanova"]
[Black "Natalia Zhukova"]
[WhiteElo "2512"]
[BlackElo "2440"]
[PlyCount "97"]

1. Nf3 d5 2. b3 c5 3. Bb2 Nc6 4. e3 a6 5. h3 d4 6. Be2 g6
7. d3 Bg7 8. e4 e5 9. O-O Nge7 10. Nbd2 O-O 11. a4 Be6 12. Ba3
b6 13. Nc4 h6 14. Nfd2 Qc7 15. Bc1 b5 16. Nb2 f5 17. exf5 gxf5
18. Nf3 Nd5 19. Bd2 e4 20. Nh4 Kh7 21. axb5 axb5 22. Rxa8 Rxa8
23. dxe4 fxe4 24. Bxb5 Ne5 25. Qe1 Nf6 26. Kh1 Rg8 27. Bf4 Bd5
28. Nc4 Nh5 29. Bh2 Rf8 30. Nxe5 Bxe5 31. Qe2 Nf6 32. Bxe5
Qxe5 33. Nf3 Qf4 34. Nh2 Rg8 35. Bc4 Rg5 36. Bxd5 Nxd5 37. Qb5
Ne3 38. fxe3 Qg3 39. Qd7+ Rg7 40. Qf5+ Kh8 41. Qf2 Qg5 42. Ng4
d3 43. cxd3 exd3 44. Qf8+ Kh7 45. Qf5+ Qxf5 46. Rxf5 Rd7
47. Rf1 d2 48. Nf6+ Kg6 49. Nxd7 1-0